[Event "Stari Zednik"]
[Site "Stari Zednik"]
[Date "2017.06.21"]
[Round "5"]
[White "Kovac, Imre"]
[Black "Brindza, Dezso"]
[Result "1-0"]
[WhiteElo "1854"]
[BlackElo "1763"]
[PlyCount "45"]
[EventDate "2017.06.14"]
[EventType "swiss"]
[EventRounds "9"]
[EventCountry "SRB"]
[SourceTitle "CBM 179 Extra"]
[Source "ChessBase"]
[SourceDate "2017.08.23"]
[SourceVersion "1"]
[SourceVersionDate "2017.08.23"]
[SourceQuality "1"]

1. e4 d6 2. d4 Nf6 3. Nc3 g6 4. Be2 Bg7 5. Be3 c6 6. Qd2 Qc7 7. f4 Bg4 8. Nf3 Bxf3 9. Bxf3 Na6 10. e5 dxe5 11. fxe5 Nd7 12. Ne4 0-0-0 13. Qe2 e6 14. Nd6+ Kb8 15. Nxf7 Nb6 16. Nxh8 Bxh8 17. c3 Nd5 18. Bxd5 cxd5 19. 0-0 Bg7 20. Rf2 Rf8 21. Rxf8+ Bxf8 22. Rf1 Qe7 23. Qf3 1-0

[Event "Stari Zednik"]
[Site "Stari Zednik"]
[Date "2017.06.16"]
[Round "2"]
[White "Brindza, Dezso"]
[Black "Jancikin, Svetozar"]
[Result "0-1"]
[WhiteElo "1763"]
[BlackElo "1951"]
[PlyCount "42"]
[EventDate "2017.06.14"]
[EventType "swiss"]
[EventRounds "9"]
[EventCountry "SRB"]
[SourceTitle "CBM 179 Extra"]
[Source "ChessBase"]
[SourceDate "2017.08.23"]
[SourceVersion "1"]
[SourceVersionDate "2017.08.23"]
[SourceQuality "1"]

1. d4 Nf6 2. e3 d6 3. Bd3 g6 4. f4 Bg7 5. Nf3 0-0 6. 0-0 Nbd7 7. c3 c5 8. f5 d5 9. fxg6 hxg6 10. Nbd2 Qc7 11. e4 cxd4 12. Nxd4 Ne5 13. Bc2 Neg4 14. e5 Nxe5 15. N2f3 Nfg4 16. Bf4 Nxf3+ 17. Qxf3 e5 18. Bg3 Qb6 19. h3 Nh6 20. Qxd5 exd4 21. Bf2 Be6 0-1

[Event "Subotica-ch op"]
[Site "Subotica"]
[Date "2016.03.07"]
[Round "7"]
[White "Brindza, Dezso"]
[Black "Vucelic, Rade"]
[Result "0-1"]
[WhiteElo "1718"]
[BlackElo "1912"]
[PlyCount "88"]
[EventDate "2016.02.22"]
[EventType "swiss"]
[EventRounds "9"]
[EventCountry "SRB"]
[SourceTitle "CBM 171 Extra"]
[Source "ChessBase"]
[SourceDate "2016.04.26"]
[SourceVersion "1"]
[SourceVersionDate "2016.04.26"]
[SourceQuality "1"]

1. d4 d5 2. e3 Nf6 3. Bd3 c6 4. f4 b5 5. Nf3 a5 6. 0-0 g6 7. Nbd2 Bg7 8. Qe1 Nbd7 9. Ne5 Qc7 10. Nxd7 Bxd7 11. e4 Nxe4 12. Nxe4 dxe4 13. Qxe4 Qd6 14. c3 Bf5 15. Qf3 Bxd4+ 16. Kh1 Bxd3 17. Rd1 Bg7 18. Rxd3 Qc7 19. f5 0-0 20. Bg5 Be5 21. f6 exf6 22. Bxf6 Bxf6 23. Qxf6 Rad8 24. Rad1 Rxd3 25. Rxd3 Re8 26. g3 b4 27. Kg2 c5 28. Kh3 h5 29. Kh4 Qe7 30. Qxe7 Rxe7 31. cxb4 cxb4 32. Rd2 Kg7 33. Kh3 Re5 34. Rd3 Re2 35. Rd5 a4 36. Ra5 Rxb2 37. Rxa4 g5 38. g4 Kg6 39. gxh5+ Kxh5 40. Ra6 Rc2 41. Ra4 Rc4 42. Ra8 Rc3+ 43. Kg2 Ra3 44. Rxa3 bxa3 0-1

[Event "Subotica-ch"]
[Site "Subotica"]
[Date "2015.02.25"]
[Round "5"]
[White "Brindza, Dezso"]
[Black "Rajic, Ivan"]
[Result "0-1"]
[WhiteElo "1712"]
[BlackElo "2023"]
[PlyCount "50"]
[EventDate "2015.02.16"]
[EventType "swiss"]
[EventRounds "9"]
[EventCountry "SRB"]
[SourceTitle "CBM 165 Extra"]
[Source "ChessBase"]
[SourceDate "2015.04.21"]
[SourceVersion "1"]
[SourceVersionDate "2015.04.21"]
[SourceQuality "1"]

1. d4 Nf6 2. e3 d5 3. Bd3 c5 4. c3 Nc6 5. a3 e5 6. dxe5 Nxe5 7. Be2 Bd6 8. Nd2 Bf5 9. Ngf3 Nd3+ 10. Bxd3 Bxd3 11. c4 dxc4 12. Nxc4 Bxc4 13. Qa4+ b5 14. Qc2 0-0 15. b3 Bd5 16. Bb2 Qe7 17. Nh4 Qe4 18. Qxe4 Bxe4 19. Ke2 Be7 20. Nf3 Rfd8 21. Rhg1 Rd3 22. Ng5 Rxb3 23. Nxe4 Rxb2+ 24. Kf3 Nxe4 25. Kxe4 Rd8 0-1

[Event "Subotica-ch"]
[Site "Subotica"]
[Date "2015.02.16"]
[Round "1"]
[White "Brindza, Dezso"]
[Black "Pajzer, Istvan"]
[Result "0-1"]
[WhiteElo "1712"]
[BlackElo "2071"]
[PlyCount "62"]
[EventDate "2015.02.16"]
[EventType "swiss"]
[EventRounds "9"]
[EventCountry "SRB"]
[SourceTitle "CBM 165 Extra"]
[Source "ChessBase"]
[SourceDate "2015.04.21"]
[SourceVersion "1"]
[SourceVersionDate "2015.04.21"]
[SourceQuality "1"]

1. d4 Nf6 2. e3 g6 3. Bd3 Bg7 4. f4 0-0 5. Nf3 d6 6. 0-0 Bg4 7. Nbd2 Nbd7 8. Qe1 c5 9. c3 Bxf3 10. Nxf3 Rc8 11. f5 e5 12. dxe5 Nxe5 13. Nxe5 dxe5 14. Bc2 e4 15. b3 c4 16. fxg6 hxg6 17. Bb2 cxb3 18. axb3 b5 19. Ra6 Nd5 20. Bxe4 Nxc3 21. Bc6 b4 22. Kh1 Qd3 23. Bb7 Rc7 24. Rxa7 Qd7 25. Ra8 Rxb7 26. Rxf8+ Kxf8 27. Qh4 Kg8 28. Qc4 Qe6 29. Qxe6 fxe6 30. g3 Rd7 31. Rf2 Nd1 0-1

[Event "Senta-ch"]
[Site "Senta"]
[Date "2015.02.01"]
[Round "3"]
[White "Brindza, Dezso"]
[Black "Vranic, Ljubomir"]
[Result "0-1"]
[WhiteElo "1712"]
[BlackElo "2199"]
[PlyCount "56"]
[EventDate "2015.01.30"]
[EventType "swiss"]
[EventRounds "9"]
[EventCountry "SRB"]
[SourceTitle "EXT 2016"]
[Source "ChessBase"]
[SourceDate "2015.10.08"]
[SourceVersion "1"]
[SourceVersionDate "2015.10.08"]
[SourceQuality "1"]

1. d4 Nf6 2. e3 d6 3. c3 Nbd7 4. f4 c6 5. Nf3 Qc7 6. Bd3 e5 7. e4 Be7 8. Be3 0-0 9. 0-0 Re8 10. Nbd2 Ng4 11. Qe1 b5 12. h3 Nxe3 13. Qxe3 a6 14. fxe5 dxe5 15. Qf2 c5 16. Nxe5 Nxe5 17. dxe5 Be6 18. Kh1 Qxe5 19. Nf3 Qh5 20. Qg3 Red8 21. Bc2 Kh8 22. a3 g5 23. Qe5+ Kg8 24. Rad1 Qh6 25. Rxd8+ Rxd8 26. Rd1 Rxd1+ 27. Bxd1 g4 28. Qg3 Qc1 0-1